Catalog

Record Details

Catalog Search



Tales from the Hinterland / Althea Proserpine ; ... Read More

Albert, Melissa,(author.).
Tierney, Jim,(illustrator.).
Series: Hazel Wood ; 3

Available copies

  • 1 of 1 copy available at LARL/NWRL Consortium.
  • 1 of 1 copy available at Lake Agassiz Regional Library. (Show preferred library)

Current holds

0 current holds with 1 total copy.

Show Only Available Copies
Location Call Number / Copy Notes Barcode Shelving Location Status Due Date
Moorhead Public Library Y ALB (Text) 33500013330949 Main Available -

Record details

  • ISBN: 9781250302724
  • ISBN: 1250302722
  • ISBN: 9781250798961
  • ISBN: 1250798965
  • Physical Description: 223 pages : illustrations ; 22 cm
  • Edition: First U.S. edition.
  • Publisher: New York : Flatiron Books, 2021.

Content descriptions

Formatted Contents Note:
The door that wasn't there -- Hansa the traveler ... Read More
Summary, etc.:
In this companion book to "The Hazel Wood" and ... Read More
Journey into the Hinterland, a brutal and ... Read More
Subject: Fairy tales > United States.
Fairy tales.
Short stories.
Magic > Fiction.
JUVENILE FICTION / General.
Fairy tales
United States
Genre: Young adult fiction.
Short stories.
Fantasy fiction.
LDR 02601cam a22005778i 4500
001349334
003LARL_NWRL_CONSORTIUM
00520210120150903.0
008200825s2021 nyua d 000 1 eng
010 . ‡a 2020035350
040 . ‡aDLC ‡beng ‡erda ‡cDLC ‡dOCLCO ‡dOCLCF ‡dTOH ‡dOCO ‡dIK2 ‡dOCLCO ‡dILC ‡dOCLCO
019 . ‡a1228118793
020 . ‡a9781250302724 ‡q(hardcover)
020 . ‡a1250302722 ‡q(hardcover)
020 . ‡a9781250798961 ‡q(international ed.)
020 . ‡a1250798965 ‡q(international ed.)
020 . ‡z9781250302731 ‡q(ebook)
035 . ‡a(OCoLC)1151060157 ‡z(OCoLC)1228118793
042 . ‡alcac ‡apcc
043 . ‡an-us---
08200. ‡a[Fic] ‡223
1001 . ‡aAlbert, Melissa, ‡eauthor. ‡0(LARL_NWRL_CONSORTIUM)223411
24510. ‡aTales from the Hinterland / ‡cAlthea Proserpine ; collected by Melissa Albert ; illustrated by Jim Tierney.
250 . ‡aFirst U.S. edition.
264 1. ‡aNew York : ‡bFlatiron Books, ‡c2021.
300 . ‡a223 pages : ‡billustrations ; ‡c22 cm
336 . ‡atext ‡btxt ‡2rdacontent
337 . ‡aunmediated ‡bn ‡2rdamedia
338 . ‡avolume ‡bnc ‡2rdacarrier
4900 . ‡aHazel Wood ; ‡v3
520 . ‡aIn this companion book to "The Hazel Wood" and "The Night Country," the author presents a collection of dark fairy tales by Alice's reclusive grandmother Althea Proserpine.
5050 . ‡aThe door that wasn't there -- Hansa the traveler -- The clockwork bride -- Jenny and the night women -- The skinned maiden -- Alice-three-times -- The house under the stairwell -- Ilsa waits -- The sea cellar -- Mother and the dagger -- Twice-killed Katherine -- Death and the woodwife.
520 . ‡aJourney into the Hinterland, a brutal and beautiful world. Among those you'll meet are a young woman who spends a night with Death; brides wed to a mysterious house in the trees; and an enchantress who is killed twice and still lives. -- adapted from back cover
650 0. ‡aFairy tales ‡zUnited States. ‡0(LARL_NWRL_CONSORTIUM)164923
650 1. ‡aFairy tales. ‡0(LARL_NWRL_CONSORTIUM)19913
650 1. ‡aShort stories. ‡0(LARL_NWRL_CONSORTIUM)30922
650 0. ‡aMagic ‡vFiction. ‡0(LARL_NWRL_CONSORTIUM)165984
650 7. ‡aJUVENILE FICTION / General. ‡2bisacsh
650 7. ‡aFairy tales ‡2fast ‡0(LARL_NWRL_CONSORTIUM)19913
651 7. ‡aUnited States ‡2fast ‡0(LARL_NWRL_CONSORTIUM)54625
655 0. ‡aYoung adult fiction.
655 7. ‡aShort stories. ‡2lcgft
655 7. ‡aFantasy fiction. ‡2lcgft
7001 . ‡aTierney, Jim, ‡eillustrator.
901 . ‡a349334 ‡bOCoLC ‡c349334 ‡tbiblio ‡soclc

Additional Resources